skbl

Dr Suryya Kumar Bhuyan Library Web-OPAC
ডঃ সূৰ্য্য
কুমাৰ ভূঞা পুথিভঁৰাল ৱেব-অ'পেক

All Research Scholars are advised to clear the annual library fees to continue using Library Resources, Remote Access, Plagiarism Test and Library Clearance.

Cotton University Book Fair 2026

Elliptic Curves , Modular Forms and their L - Functions (Record no. 59553)

MARC details
000 -LEADER
fixed length control field 00621nam a2200193Ia 4500
001 - CONTROL NUMBER
control field 59677
008 - FIXED-LENGTH DATA ELEMENTS--GENERAL INFORMATION
fixed length control field 160407n ii |||gr||||Z||||||465
020 ## - INTERNATIONAL STANDARD BOOK NUMBER
International Standard Book Number 9781470425937
082 ## - DEWEY DECIMAL CLASSIFICATION NUMBER
Classification number 516
100 ## - MAIN ENTRY--PERSONAL NAME
Personal name Robledo,Alvaro Lozano .
245 #0 - TITLE STATEMENT
Title Elliptic Curves , Modular Forms and their L - Functions
Statement of responsibility, etc. Alvaro Lozano Robledo
Medium Textual Documents
250 ## - EDITION STATEMENT
Edition statement First indian Edition--2016.
260 ## - PUBLICATION, DISTRIBUTION, ETC.
Place of publication, distribution, etc. New York
Name of publisher, distributor, etc. American Mathematical Society
300 ## - PHYSICAL DESCRIPTION
Extent 195pg:
Other physical details Series;
Dimensions 23cm.
653 ## - INDEX TERM--UNCONTROLLED
Uncontrolled term Mathematics
653 ## - INDEX TERM--UNCONTROLLED
Uncontrolled term Elliptic Curves , Modular Forms and their L - Functions
653 ## - INDEX TERM--UNCONTROLLED
Uncontrolled term G-Mathematics
942 ## - ADDED ENTRY ELEMENTS (KOHA)
Source of classification or shelving scheme Dewey Decimal Classification
Koha item type Books
Holdings
Withdrawn status Lost status Damaged status Not for loan Collection Home library Current library Shelving location Date acquired Coded location qualifier Total checkouts Full call number Barcode Date last seen Copy number Price effective from Koha item type
          Dr. Suryya Kumar Bhuyan Library Dr. Suryya Kumar Bhuyan Library   07/04/2016 00000   516 Ro 553 El 3091/GIFT 14/01/2024 1 07/04/2016 Books

Designed and Maintained by Team SKBL
©1901-2026

Powered by Koha